| 000 | 00915cam a22002891 4500 | ||
|---|---|---|---|
| 001 | 8830 | ||
| 003 | BD-RjUL | ||
| 005 | 20211208234648.0 | ||
| 008 | 140119s1941 nyua b 001 0 eng d | ||
| 035 | _a(BD-RjUL)8875 | ||
| 040 |
_aDLC/ICU _cICU _dDLC _dBD-RjUL _beng |
||
| 041 | _aeng | ||
| 051 |
_aQA404 _b.C6 Copy 2 _cCopy 2. |
||
| 082 | 0 | 0 |
_a517.35 _bCHF 1941 |
| 100 | 1 |
_aChurchill, Ruel V. _q(Ruel Vance), _d1899-1987. _919803 |
|
| 245 | 1 | 0 |
_aFourier series and boundary value problems / _c Ruel V. Churchill |
| 250 | _a1st ed. | ||
| 260 |
_aNew York; _aLondon: _bMcGraw-Hill book company, inc., _cc1941. |
||
| 300 |
_aix, 206 p. _bdiagrs. _c23 cm. |
||
| 504 | _a"References" at end of most of the chapters. | ||
| 650 | 0 |
_aFourier series. _927446 |
|
| 650 | 0 |
_aFunctions, Orthogonal. _927447 |
|
| 650 | 0 |
_aBoundary value problems. _919752 |
|
| 942 |
_2ddc _cBK |
||
| 999 |
_c8830 _d8830 |
||